| 000 | 01037nam a22002537a 4500 | ||
|---|---|---|---|
| 005 | 20170124103040.0 | ||
| 010 | _aB-074051 | ||
| 020 | _c150.00 | ||
| 035 | _aB-074051 | ||
| 037 | _bCen Lib/Ret | ||
| 040 |
_aDPL _bHN |
||
| 082 |
_aउ _bगोल्डस्मि |
||
| 100 |
_aगोल्डस्मिथ, ऑलिवर _967059 |
||
| 245 |
_aअनोखी तृप्ति / _cऑलिवर गोल्डस्मिथ |
||
| 246 |
_aAnokhi tripti / _bby Oliver Goldsmith |
||
| 260 |
_bनवयुग साहित्य _a दिल्ली _c2001 |
||
| 270 |
_bदिल्ली _aऍफ़-23, बी, विजय नगर _e110009 |
||
| 300 |
_a156पृ. _c19सेमी(सजिल्द ) |
||
| 650 |
_a हिंदी साहित्य _x _z _967060 |
||
| 650 |
_a हिंदी साहित्य _xउपन्यास _942619 |
||
| 650 |
_aHindi literature _967061 |
||
| 650 |
_aHindi literature _xFiction _967062 |
||
| 942 |
_2ddc _cHN _hउ _mगोल्डस्मि |
||
| 999 |
_c116541 _d116541 |
||